[Event "April 9 Early 2024"]
[Site "Chess.com"]
[Date "2024.04.09"]
[Round "3"]
[White "Palao, Adriana"]
[Black "Sovetbekova, Nurai"]
[Result "0-1"]
[Board "275"]
[WhiteFideId "3805204"]
[BlackFideId "13801910"]
[WhiteTitle "WCM"]
[BlackTitle "WFM"]
[WhiteElo "1988"]
[BlackElo "2341"]
[WhiteTeam "PER"]
[BlackTeam "KGZ"]
[WhiteClock "0:00:13"]
[BlackClock "0:00:07"]
[Variant "Standard"]

1. d4 {[%clk 0:02:58]}  Nf6 {[%clk 0:02:59]} 2. Bf4 {[%clk 0:02:58]}  g6 {[%clk 0:02:59]} 3. Nf3 {[%clk 0:02:58]}  Bg7 {[%clk 0:02:59]} 4. e3 {[%clk 0:02:59]}  O-O {[%clk 0:03:00]} 5. Be2 {[%clk 0:02:59]}  d6 {[%clk 0:03:01]} 6. O-O {[%clk 0:03:00]}  c5 {[%clk 0:03:01]} 7. c3 {[%clk 0:02:59]}  Qb6 {[%clk 0:03:01]} 8. Qc2 {[%clk 0:02:52]}  Bf5 {[%clk 0:02:59]} 9. Qb3 {[%clk 0:02:46]}  Nc6 {[%clk 0:02:57]} 10. Nbd2 {[%clk 0:02:43]}  Rfe8 {[%clk 0:02:33]} 11. Nh4 {[%clk 0:02:33]}  Bd7 {[%clk 0:02:21]} 12. Nc4 {[%clk 0:01:55]}  Qxb3 {[%clk 0:02:20]} 13. axb3 {[%clk 0:01:56]}  e5 {[%clk 0:02:10]} 14. dxe5 {[%clk 0:01:23]}  dxe5 {[%clk 0:02:09]} 15. Bg3 {[%clk 0:01:23]}  Ne4 {[%clk 0:01:40]} 16. Nf3 {[%clk 0:01:06]}  Nxg3 {[%clk 0:01:32]} 17. hxg3 {[%clk 0:01:05]}  Be6 {[%clk 0:01:32]} 18. Nd6 {[%clk 0:01:04]}  Re7 {[%clk 0:01:24]} 19. c4 {[%clk 0:01:02]}  Rd7 {[%clk 0:01:20]} 20. Rfd1 {[%clk 0:01:01]}  Rad8 {[%clk 0:01:13]} 21. Ne4 {[%clk 0:01:00]}  b6 {[%clk 0:01:07]} 22. Nfg5 {[%clk 0:00:50]}  Bf5 {[%clk 0:01:05]} 23. g4 {[%clk 0:00:44]}  Bxe4 {[%clk 0:00:54]} 24. Nxe4 {[%clk 0:00:45]}  f5 {[%clk 0:00:53]} 25. gxf5 {[%clk 0:00:43]}  gxf5 {[%clk 0:00:54]} 26. Ng3 {[%clk 0:00:43]}  f4 {[%clk 0:00:53]} 27. Ne4 {[%clk 0:00:41]}  fxe3 {[%clk 0:00:50]} 28. fxe3 {[%clk 0:00:40]}  Rxd1+ {[%clk 0:00:39]} 29. Rxd1 {[%clk 0:00:41]}  Rxd1+ {[%clk 0:00:39]} 30. Bxd1 {[%clk 0:00:42]}  Bh6 {[%clk 0:00:39]} 31. Kf2 {[%clk 0:00:42]}  Kf7 {[%clk 0:00:39]} 32. Bf3 {[%clk 0:00:40]}  Nb4 {[%clk 0:00:30]} 33. Ke2 {[%clk 0:00:37]}  Ke7 {[%clk 0:00:27]} 34. Nc3 {[%clk 0:00:35]}  Nc2 {[%clk 0:00:22]} 35. e4 {[%clk 0:00:31]}  Nd4+ {[%clk 0:00:22]} 36. Kd3 {[%clk 0:00:25]}  Nxb3 {[%clk 0:00:20]} 37. Nb5 {[%clk 0:00:24]}  a6 {[%clk 0:00:14]} 38. Nc7 {[%clk 0:00:24]}  Nd4 {[%clk 0:00:11]} 39. Nd5+ {[%clk 0:00:24]}  Kd6 {[%clk 0:00:11]} 40. Nxb6 {[%clk 0:00:24]}  Bc1 {[%clk 0:00:09]} 41. Kc3 {[%clk 0:00:18]}  Nxf3 {[%clk 0:00:09]} 42. gxf3 {[%clk 0:00:18]}  h5 {[%clk 0:00:09]} 43. Nd5 {[%clk 0:00:19]}  h4 {[%clk 0:00:08]} 44. Nf6 {[%clk 0:00:19]}  h3 {[%clk 0:00:07]} 45. Ng4 {[%clk 0:00:20]}  Bf4 {[%clk 0:00:07]} 46. b4 {[%clk 0:00:20]}  cxb4+ {[%clk 0:00:07]} 47. Kxb4 {[%clk 0:00:20]}  h2 {[%clk 0:00:07]} 48. Nxh2 {[%clk 0:00:21]}  Bxh2 {[%clk 0:00:08]} 49. c5+ {[%clk 0:00:21]}  Kc6 {[%clk 0:00:08]} 50. Kc4 {[%clk 0:00:22]}  a5 {[%clk 0:00:07]} 51. Kb3 {[%clk 0:00:21]}  Kxc5 {[%clk 0:00:07]} 52. Ka4 {[%clk 0:00:22]}  Kb6 {[%clk 0:00:08]} 53. Kb3 {[%clk 0:00:21]}  Kb5 {[%clk 0:00:08]} 54. Ka3 {[%clk 0:00:22]}  Bf4 {[%clk 0:00:07]} 55. Kb3 {[%clk 0:00:22]}  a4+ {[%clk 0:00:06]} 56. Ka3 {[%clk 0:00:22]}  Ka5 {[%clk 0:00:06]} 57. Ka2 {[%clk 0:00:17]}  Kb4 {[%clk 0:00:06]} 58. Kb2 {[%clk 0:00:17]}  Be3 {[%clk 0:00:05]} 59. Ka2 {[%clk 0:00:18]}  a3 {[%clk 0:00:06]} 60. Kb1 {[%clk 0:00:16]}  Kb3 {[%clk 0:00:06]} 61. Ka1 {[%clk 0:00:16]}  Bd4+ {[%clk 0:00:05]} 62. Kb1 {[%clk 0:00:15]}  a2+ {[%clk 0:00:06]} 63. Kc1 {[%clk 0:00:13]}  a1=Q+ {[%clk 0:00:07]} 0-1

[Event "April 9 Early 2024"]
[Site "Chess.com"]
[Date "2024.04.09"]
[Round "3"]
[White "Martinez Lopez, David"]
[Black "Grbac, Boris"]
[Result "1-0"]
[Board "280"]
[WhiteFideId "22235779"]
[BlackFideId "14503565"]
[WhiteTitle "FM"]
[BlackTitle "FM"]
[WhiteElo "2331"]
[BlackElo "1911"]
[WhiteTeam "ESP"]
[BlackTeam "CRO"]
[WhiteClock "0:00:29"]
[BlackClock "0:00:04"]
[Variant "Standard"]

1. e4 {[%clk 0:03:00]}  c5 {[%clk 0:02:59]} 2. Nf3 {[%clk 0:02:59]}  d6 {[%clk 0:03:00]} 3. Bb5+ {[%clk 0:02:59]}  Bd7 {[%clk 0:02:59]} 4. Bxd7+ {[%clk 0:02:59]}  Qxd7 {[%clk 0:03:00]} 5. c4 {[%clk 0:02:59]}  Nc6 {[%clk 0:03:00]} 6. Nc3 {[%clk 0:02:59]}  Nf6 {[%clk 0:02:59]} 7. d4 {[%clk 0:02:59]}  cxd4 {[%clk 0:02:59]} 8. Nxd4 {[%clk 0:03:00]}  g6 {[%clk 0:02:58]} 9. f3 {[%clk 0:02:59]}  Bg7 {[%clk 0:02:58]} 10. Be3 {[%clk 0:03:00]}  O-O {[%clk 0:02:58]} 11. O-O {[%clk 0:03:00]}  Rac8 {[%clk 0:02:54]} 12. b3 {[%clk 0:02:59]}  a6 {[%clk 0:02:47]} 13. Qd3 {[%clk 0:02:40]}  Nb4 {[%clk 0:02:26]} 14. Qd2 {[%clk 0:02:33]}  Nc6 {[%clk 0:02:24]} 15. Na4 {[%clk 0:02:25]}  Qd8 {[%clk 0:02:17]} 16. Rac1 {[%clk 0:02:14]}  Nd7 {[%clk 0:02:03]} 17. Nc3 {[%clk 0:02:09]}  Nde5 {[%clk 0:01:54]} 18. Rfd1 {[%clk 0:02:06]}  Kh8 {[%clk 0:01:45]} 19. Kh1 {[%clk 0:02:04]}  f5 {[%clk 0:01:30]} 20. Ne6 {[%clk 0:02:03]}  Qe8 {[%clk 0:01:25]} 21. Nxg7 {[%clk 0:02:01]}  Kxg7 {[%clk 0:01:25]} 22. Bh6+ {[%clk 0:02:01]}  Kg8 {[%clk 0:01:26]} 23. Bxf8 {[%clk 0:02:01]}  Qxf8 {[%clk 0:01:25]} 24. exf5 {[%clk 0:01:50]}  Qxf5 {[%clk 0:01:24]} 25. Qd5+ {[%clk 0:01:11]}  Kh8 {[%clk 0:01:22]} 26. Qe4 {[%clk 0:01:11]}  Qh5 {[%clk 0:01:17]} 27. h3 {[%clk 0:01:07]}  Rf8 {[%clk 0:01:16]} 28. Rf1 {[%clk 0:00:50]}  Qh6 {[%clk 0:01:13]} 29. Rce1 {[%clk 0:00:44]}  Rf4 {[%clk 0:01:03]} 30. Qe3 {[%clk 0:00:44]}  Qh4 {[%clk 0:01:00]} 31. Nd5 {[%clk 0:00:39]}  Rf7 {[%clk 0:00:54]} 32. f4 {[%clk 0:00:36]}  Nd7 {[%clk 0:00:45]} 33. Qe6 {[%clk 0:00:33]}  Kg7 {[%clk 0:00:13]} 34. Qxd7 {[%clk 0:00:32]}  Nd4 {[%clk 0:00:04]} 35. Rxe7 {[%clk 0:00:29]} 1-0

[Event "April 9 Early 2024"]
[Site "Chess.com"]
[Date "2024.04.09"]
[Round "3"]
[White "Bielinski, Dariusz"]
[Black "Skiadopoulos, Nikolaos"]
[Result "1-0"]
[Board "281"]
[WhiteFideId "1109383"]
[BlackFideId "4200772"]
[WhiteTitle "CM"]
[BlackTitle "CM"]
[WhiteElo "2328"]
[BlackElo "1868"]
[WhiteTeam "POL"]
[BlackTeam "GRE"]
[WhiteClock "0:00:57"]
[BlackClock "0:00:00"]
[Variant "Standard"]

1. c4 {[%clk 0:03:00]}  Nf6 {[%clk 0:02:58]} 2. Nc3 {[%clk 0:03:00]}  g6 {[%clk 0:02:57]} 3. e4 {[%clk 0:02:59]}  d6 {[%clk 0:02:57]} 4. d4 {[%clk 0:02:59]}  Bg7 {[%clk 0:02:56]} 5. Be2 {[%clk 0:03:00]}  O-O {[%clk 0:02:55]} 6. Nf3 {[%clk 0:03:00]}  c5 {[%clk 0:02:54]} 7. d5 {[%clk 0:02:59]}  Na6 {[%clk 0:02:54]} 8. O-O {[%clk 0:02:58]}  Nc7 {[%clk 0:02:54]} 9. h3 {[%clk 0:02:57]}  Bd7 {[%clk 0:02:53]} 10. a4 {[%clk 0:02:54]}  b6 {[%clk 0:02:52]} 11. Bf4 {[%clk 0:02:51]}  a6 {[%clk 0:02:31]} 12. Re1 {[%clk 0:02:46]}  Rb8 {[%clk 0:02:23]} 13. e5 {[%clk 0:02:45]}  Nh5 {[%clk 0:02:16]} 14. Bh2 {[%clk 0:02:39]}  Be8 {[%clk 0:02:05]} 15. g4 {[%clk 0:02:32]}  b5 {[%clk 0:01:31]} 16. axb5 {[%clk 0:02:31]}  axb5 {[%clk 0:01:30]} 17. Nxb5 {[%clk 0:02:13]}  Nxb5 {[%clk 0:01:28]} 18. cxb5 {[%clk 0:02:14]}  Bxb5 {[%clk 0:01:25]} 19. gxh5 {[%clk 0:02:12]}  Bxe2 {[%clk 0:01:13]} 20. Rxe2 {[%clk 0:02:03]}  dxe5 {[%clk 0:01:07]} 21. Nxe5 {[%clk 0:01:58]}  Rb4 {[%clk 0:00:38]} 22. Nc6 {[%clk 0:01:55]}  Rd4 {[%clk 0:00:35]} 23. Nxd4 {[%clk 0:01:53]}  Bxd4 {[%clk 0:00:34]} 24. Be5 {[%clk 0:01:37]}  Qxd5 {[%clk 0:00:28]} 25. Bxd4 {[%clk 0:01:37]}  cxd4 {[%clk 0:00:28]} 26. Qd2 {[%clk 0:01:16]}  e5 {[%clk 0:00:23]} 27. Ra5 {[%clk 0:01:14]}  Qf3 {[%clk 0:00:14]} 28. Raxe5 {[%clk 0:01:11]}  Qxh3 {[%clk 0:00:00]} 29. Qxd4 {[%clk 0:00:57]} 1-0

[Event "April 9 Early 2024"]
[Site "Chess.com"]
[Date "2024.04.09"]
[Round "4"]
[White "Marina Kaydanovich"]
[Black "Aravindh, Chithambaram VR."]
[Result "0-1"]
[Board "28"]
[WhiteFideId "4134877"]
[BlackFideId "5072786"]
[WhiteTitle "WIM"]
[BlackTitle "GM"]
[WhiteElo "2261"]
[BlackElo "2874"]
[WhiteTeam "RUS"]
[BlackTeam "IND"]
[WhiteClock "0:01:55"]
[BlackClock "0:00:12"]
[Variant "Standard"]

1. d4 {[%clk 0:03:00]}  e6 {[%clk 0:02:57]} 2. c4 {[%clk 0:03:01]}  d5 {[%clk 0:02:56]} 3. Nc3 {[%clk 0:02:59]}  Bb4 {[%clk 0:02:56]} 4. Nf3 {[%clk 0:02:57]}  Nf6 {[%clk 0:02:52]} 5. Bg5 {[%clk 0:02:55]}  Nbd7 {[%clk 0:02:51]} 6. e3 {[%clk 0:02:53]}  h6 {[%clk 0:02:50]} 7. Bh4 {[%clk 0:02:52]}  g5 {[%clk 0:02:50]} 8. Bg3 {[%clk 0:02:51]}  Ne4 {[%clk 0:02:51]} 9. Qb3 {[%clk 0:02:49]}  c5 {[%clk 0:02:44]} 10. Bd3 {[%clk 0:02:45]}  b5 {[%clk 0:02:25]} 11. Bxe4 {[%clk 0:02:38]}  dxe4 {[%clk 0:02:10]} 12. Nd2 {[%clk 0:02:36]}  bxc4 {[%clk 0:02:04]} 13. Qxc4 {[%clk 0:02:32]}  Nb6 {[%clk 0:02:03]} 14. Qe2 {[%clk 0:02:30]}  O-O {[%clk 0:01:44]} 15. h4 {[%clk 0:02:26]}  cxd4 {[%clk 0:01:40]} 16. exd4 {[%clk 0:02:27]}  Qxd4 {[%clk 0:01:41]} 17. hxg5 {[%clk 0:02:24]}  Nd5 {[%clk 0:01:33]} 18. gxh6 {[%clk 0:02:20]}  Nxc3 {[%clk 0:01:29]} 19. bxc3 {[%clk 0:02:18]}  Bxc3 {[%clk 0:01:30]} 20. Rd1 {[%clk 0:02:16]}  Qd3 {[%clk 0:00:43]} 21. h7+ {[%clk 0:02:07]}  Kh8 {[%clk 0:00:43]} 22. Rc1 {[%clk 0:02:03]}  Bg7 {[%clk 0:00:16]} 23. Qxe4 {[%clk 0:01:57]}  Ba6 {[%clk 0:00:16]} 24. Qd4 {[%clk 0:01:55]}  Qe2# {[%clk 0:00:12]} 0-1

[Event "April 9 Early 2024"]
[Site "Chess.com"]
[Date "2024.04.09"]
[Round "4"]
[White "Camacho Collados, Jose"]
[Black "Svane, Rasmus"]
[Result "0-1"]
[Board "40"]
[WhiteFideId "2265427"]
[BlackFideId "4657101"]
[WhiteTitle "IM"]
[BlackTitle "GM"]
[WhiteElo "2618"]
[BlackElo "2884"]
[WhiteTeam "WLS"]
[BlackTeam "GER"]
[WhiteClock "0:00:00"]
[BlackClock "0:00:09"]
[Variant "Standard"]

1. d4 {[%clk 0:03:00]}  Nf6 {[%clk 0:02:55]} 2. Nf3 {[%clk 0:03:00]}  d5 {[%clk 0:02:54]} 3. c3 {[%clk 0:03:00]}  c6 {[%clk 0:02:43]} 4. Qc2 {[%clk 0:03:00]}  Qc7 {[%clk 0:02:39]} 5. Bg5 {[%clk 0:02:56]}  Ne4 {[%clk 0:02:36]} 6. Bh4 {[%clk 0:02:56]}  Bf5 {[%clk 0:02:36]} 7. Qb3 {[%clk 0:02:53]}  e6 {[%clk 0:02:35]} 8. Nbd2 {[%clk 0:02:52]}  Nxd2 {[%clk 0:02:31]} 9. Nxd2 {[%clk 0:02:51]}  Bd6 {[%clk 0:02:31]} 10. Bg3 {[%clk 0:02:49]}  Nd7 {[%clk 0:02:20]} 11. e3 {[%clk 0:02:45]}  O-O {[%clk 0:02:18]} 12. Be2 {[%clk 0:02:45]}  Rab8 {[%clk 0:02:13]} 13. O-O {[%clk 0:02:44]}  h6 {[%clk 0:02:12]} 14. a4 {[%clk 0:02:41]}  e5 {[%clk 0:02:09]} 15. dxe5 {[%clk 0:02:39]}  Nxe5 {[%clk 0:02:06]} 16. Nf3 {[%clk 0:02:38]}  Nd7 {[%clk 0:02:04]} 17. a5 {[%clk 0:02:32]}  Rfd8 {[%clk 0:02:02]} 18. Bxd6 {[%clk 0:02:24]}  Qxd6 {[%clk 0:02:03]} 19. Qa3 {[%clk 0:02:24]}  Qf6 {[%clk 0:01:51]} 20. Rfd1 {[%clk 0:02:17]}  Bg4 {[%clk 0:01:40]} 21. h3 {[%clk 0:02:13]}  Bh5 {[%clk 0:01:40]} 22. Qa4 {[%clk 0:02:03]}  Nc5 {[%clk 0:01:26]} 23. Qd4 {[%clk 0:01:52]}  Qe7 {[%clk 0:01:26]} 24. Qf4 {[%clk 0:01:32]}  Re8 {[%clk 0:01:22]} 25. Nd4 {[%clk 0:01:21]}  Bxe2 {[%clk 0:01:20]} 26. Nxe2 {[%clk 0:01:22]}  Rbd8 {[%clk 0:01:19]} 27. Ng3 {[%clk 0:01:17]}  Ne6 {[%clk 0:01:18]} 28. Qe5 {[%clk 0:01:14]}  g6 {[%clk 0:01:16]} 29. c4 {[%clk 0:00:51]}  Nc7 {[%clk 0:00:48]} 30. Qxe7 {[%clk 0:00:45]}  Rxe7 {[%clk 0:00:49]} 31. cxd5 {[%clk 0:00:39]}  Rxd5 {[%clk 0:00:49]} 32. Rxd5 {[%clk 0:00:29]}  Nxd5 {[%clk 0:00:50]} 33. Rd1 {[%clk 0:00:25]}  Re5 {[%clk 0:00:48]} 34. Ne2 {[%clk 0:00:22]}  Nf6 {[%clk 0:00:42]} 35. Rd8+ {[%clk 0:00:18]}  Kg7 {[%clk 0:00:42]} 36. a6 {[%clk 0:00:07]}  bxa6 {[%clk 0:00:36]} 37. Ra8 {[%clk 0:00:07]}  Re7 {[%clk 0:00:31]} 38. Rc8 {[%clk 0:00:08]}  Rb7 {[%clk 0:00:28]} 39. Rxc6 {[%clk 0:00:08]}  Rxb2 {[%clk 0:00:28]} 40. Nd4 {[%clk 0:00:07]}  Rb1+ {[%clk 0:00:24]} 41. Kh2 {[%clk 0:00:07]}  Ne4 {[%clk 0:00:21]} 42. f3 {[%clk 0:00:04]}  Nd2 {[%clk 0:00:21]} 43. Rxa6 {[%clk 0:00:03]}  Nf1+ {[%clk 0:00:21]} 44. Kg1 {[%clk 0:00:04]}  Nxe3+ {[%clk 0:00:21]} 45. Kf2 {[%clk 0:00:04]}  Nd5 {[%clk 0:00:15]} 46. Rxa7 {[%clk 0:00:04]}  Rb2+ {[%clk 0:00:15]} 47. Kg3 {[%clk 0:00:04]}  Ne3 {[%clk 0:00:16]} 48. Kf4 {[%clk 0:00:01]}  Nxg2+ {[%clk 0:00:16]} 49. Ke5 {[%clk 0:00:02]}  Rb6 {[%clk 0:00:11]} 50. Re7 {[%clk 0:00:01]}  Nh4 {[%clk 0:00:10]} 51. f4 {[%clk 0:00:01]}  Kf8 {[%clk 0:00:10]} 52. Ra7 {[%clk 0:00:00]}  Kg7 {[%clk 0:00:09]} 0-1

[Event "April 9 Early 2024"]
[Site "Chess.com"]
[Date "2024.04.09"]
[Round "4"]
[White "Cieslak, Patryk"]
[Black "Jaiveer Mahendru"]
[Result "1-0"]
[Board "41"]
[WhiteFideId "21078882"]
[BlackFideId "25611151"]
[WhiteTitle "FM"]
[BlackTitle "FM"]
[WhiteElo "2866"]
[BlackElo "2593"]
[WhiteTeam "POL"]
[BlackTeam "IND"]
[WhiteClock "0:01:23"]
[BlackClock "0:00:26"]
[Variant "Standard"]

1. c4 {[%clk 0:02:55]}  b6 {[%clk 0:02:59]} 2. Nc3 {[%clk 0:02:54]}  Bb7 {[%clk 0:03:00]} 3. Nf3 {[%clk 0:02:52]}  Nf6 {[%clk 0:02:59]} 4. Qc2 {[%clk 0:02:53]}  e6 {[%clk 0:02:58]} 5. e4 {[%clk 0:02:50]}  d6 {[%clk 0:02:58]} 6. d4 {[%clk 0:02:49]}  Be7 {[%clk 0:02:58]} 7. Bd3 {[%clk 0:02:48]}  c5 {[%clk 0:02:59]} 8. d5 {[%clk 0:02:45]}  Nbd7 {[%clk 0:02:54]} 9. O-O {[%clk 0:02:39]}  exd5 {[%clk 0:02:48]} 10. exd5 {[%clk 0:02:39]}  O-O {[%clk 0:02:49]} 11. h3 {[%clk 0:02:37]}  h6 {[%clk 0:02:49]} 12. Bf4 {[%clk 0:02:35]}  a6 {[%clk 0:02:47]} 13. Rfe1 {[%clk 0:02:31]}  Re8 {[%clk 0:02:47]} 14. Re2 {[%clk 0:02:31]}  Qc7 {[%clk 0:02:45]} 15. Rae1 {[%clk 0:02:25]}  Bf8 {[%clk 0:02:44]} 16. Ne4 {[%clk 0:02:23]}  Nxe4 {[%clk 0:02:42]} 17. Bxe4 {[%clk 0:02:24]}  Nf6 {[%clk 0:02:42]} 18. Bh7+ {[%clk 0:02:24]}  Kh8 {[%clk 0:02:41]} 19. Bd3 {[%clk 0:02:23]}  b5 {[%clk 0:02:30]} 20. Rxe8 {[%clk 0:02:08]}  Rxe8 {[%clk 0:02:28]} 21. Rxe8 {[%clk 0:02:06]}  Nxe8 {[%clk 0:02:29]} 22. cxb5 {[%clk 0:02:06]}  axb5 {[%clk 0:02:30]} 23. Bxb5 {[%clk 0:02:02]}  Nf6 {[%clk 0:02:30]} 24. a4 {[%clk 0:02:01]}  Nxd5 {[%clk 0:02:27]} 25. Bd2 {[%clk 0:01:53]}  Nf6 {[%clk 0:02:20]} 26. Bc3 {[%clk 0:01:50]}  Bxf3 {[%clk 0:01:57]} 27. gxf3 {[%clk 0:01:48]}  Qb7 {[%clk 0:01:57]} 28. Qf5 {[%clk 0:01:41]}  Be7 {[%clk 0:01:50]} 29. Bd3 {[%clk 0:01:37]}  Kg8 {[%clk 0:01:50]} 30. a5 {[%clk 0:01:32]}  d5 {[%clk 0:01:47]} 31. a6 {[%clk 0:01:29]}  Qa7 {[%clk 0:00:26]} 32. Bxf6 {[%clk 0:01:23]} 1-0

[Event "April 9 Early 2024"]
[Site "Chess.com"]
[Date "2024.04.09"]
[Round "4"]
[White "Vakhlamov, Igor L."]
[Black "Titarov, Vasilii"]
[Result "1-0"]
[Board "58"]
[WhiteFideId "24126748"]
[BlackFideId "24280445"]
[WhiteTitle "FM"]
[BlackTitle "CM"]
[WhiteElo "2882"]
[BlackElo "2619"]
[WhiteTeam "RUS"]
[BlackTeam "RUS"]
[WhiteClock "0:00:55"]
[BlackClock "0:00:00"]
[Variant "Standard"]

1. e4 {[%clk 0:02:59]}  c5 {[%clk 0:02:57]} 2. Nf3 {[%clk 0:02:59]}  Nf6 {[%clk 0:02:54]} 3. Nc3 {[%clk 0:02:59]}  d5 {[%clk 0:02:53]} 4. exd5 {[%clk 0:03:00]}  Nxd5 {[%clk 0:02:53]} 5. Bb5+ {[%clk 0:03:01]}  Bd7 {[%clk 0:02:52]} 6. Ne5 {[%clk 0:03:01]}  Nf6 {[%clk 0:02:50]} 7. Qf3 {[%clk 0:02:55]}  Qc8 {[%clk 0:02:49]} 8. a4 {[%clk 0:02:54]}  a6 {[%clk 0:02:47]} 9. Bxd7+ {[%clk 0:02:48]}  Nbxd7 {[%clk 0:02:46]} 10. Nc4 {[%clk 0:02:48]}  e6 {[%clk 0:02:30]} 11. O-O {[%clk 0:02:48]}  Be7 {[%clk 0:02:30]} 12. d3 {[%clk 0:02:48]}  O-O {[%clk 0:02:29]} 13. Bf4 {[%clk 0:02:48]}  Qc6 {[%clk 0:01:53]} 14. Qxc6 {[%clk 0:02:44]}  bxc6 {[%clk 0:01:54]} 15. Ne4 {[%clk 0:02:27]}  Nd5 {[%clk 0:01:45]} 16. Bd2 {[%clk 0:02:22]}  Rfb8 {[%clk 0:01:39]} 17. b3 {[%clk 0:02:22]}  Nb4 {[%clk 0:01:30]} 18. Rac1 {[%clk 0:02:19]}  Nf6 {[%clk 0:01:23]} 19. Rfe1 {[%clk 0:02:18]}  Nfd5 {[%clk 0:01:22]} 20. h3 {[%clk 0:02:10]}  Rd8 {[%clk 0:01:17]} 21. Na5 {[%clk 0:02:10]}  f6 {[%clk 0:00:53]} 22. Nb7 {[%clk 0:02:06]}  Rdb8 {[%clk 0:00:47]} 23. Na5 {[%clk 0:01:41]}  Kf7 {[%clk 0:00:42]} 24. Be3 {[%clk 0:01:33]}  Nxe3 {[%clk 0:00:41]} 25. fxe3 {[%clk 0:01:34]}  f5 {[%clk 0:00:37]} 26. Nf2 {[%clk 0:01:25]}  Rc8 {[%clk 0:00:26]} 27. Re2 {[%clk 0:01:23]}  Bf6 {[%clk 0:00:25]} 28. Nc4 {[%clk 0:01:23]}  Ke7 {[%clk 0:00:23]} 29. Nb6 {[%clk 0:01:22]}  Rcb8 {[%clk 0:00:21]} 30. Nxa8 {[%clk 0:01:23]}  Rxa8 {[%clk 0:00:22]} 31. Rf1 {[%clk 0:01:21]}  g6 {[%clk 0:00:20]} 32. g3 {[%clk 0:01:18]}  Be5 {[%clk 0:00:20]} 33. Kg2 {[%clk 0:01:19]}  h5 {[%clk 0:00:18]} 34. e4 {[%clk 0:01:18]}  f4 {[%clk 0:00:17]} 35. gxf4 {[%clk 0:01:17]}  Bxf4 {[%clk 0:00:18]} 36. Nd1 {[%clk 0:01:18]}  e5 {[%clk 0:00:16]} 37. Ne3 {[%clk 0:01:18]}  Na2 {[%clk 0:00:13]} 38. Nc4 {[%clk 0:01:15]}  Nc3 {[%clk 0:00:08]} 39. Ref2 {[%clk 0:01:13]}  g5 {[%clk 0:00:06]} 40. Re1 {[%clk 0:01:07]}  Rg8 {[%clk 0:00:05]} 41. Ne3 {[%clk 0:01:07]}  Ke6 {[%clk 0:00:03]} 42. Kf3 {[%clk 0:00:58]}  Na2 {[%clk 0:00:02]} 43. Rg2 {[%clk 0:00:55]}  Nb4 {[%clk 0:00:00]} 44. Nf5 {[%clk 0:00:55]} 1-0

[Event "April 9 Early 2024"]
[Site "Chess.com"]
[Date "2024.04.09"]
[Round "4"]
[White "Velikanov, Alexander"]
[Black "Molina, Roberto Junio Brito"]
[Result "0-1"]
[Board "60"]
[WhiteFideId "2039290"]
[BlackFideId "2109450"]
[WhiteTitle "IM"]
[BlackTitle "IM"]
[WhiteElo "2614"]
[BlackElo "2873"]
[WhiteTeam "USA"]
[BlackTeam "BRA"]
[WhiteClock "0:00:07"]
[BlackClock "0:00:19"]
[Variant "Standard"]

1. Nf3 {[%clk 0:03:00]}  d5 {[%clk 0:02:59]} 2. g3 {[%clk 0:03:01]}  c6 {[%clk 0:02:57]} 3. Bg2 {[%clk 0:03:01]}  Bg4 {[%clk 0:02:57]} 4. O-O {[%clk 0:03:01]}  Nd7 {[%clk 0:02:55]} 5. d4 {[%clk 0:03:01]}  e6 {[%clk 0:02:53]} 6. Nbd2 {[%clk 0:03:01]}  Ngf6 {[%clk 0:02:48]} 7. Re1 {[%clk 0:03:00]}  Be7 {[%clk 0:02:46]} 8. e4 {[%clk 0:03:00]}  dxe4 {[%clk 0:02:45]} 9. Nxe4 {[%clk 0:03:01]}  Nxe4 {[%clk 0:02:45]} 10. Rxe4 {[%clk 0:03:02]}  Bh5 {[%clk 0:02:43]} 11. c3 {[%clk 0:03:01]}  O-O {[%clk 0:02:43]} 12. Qb3 {[%clk 0:03:00]}  Qb6 {[%clk 0:02:42]} 13. Nd2 {[%clk 0:03:01]}  Qxb3 {[%clk 0:02:28]} 14. axb3 {[%clk 0:03:01]}  Bd6 {[%clk 0:02:25]} 15. Nc4 {[%clk 0:02:55]}  Bc7 {[%clk 0:02:25]} 16. Na5 {[%clk 0:02:52]}  Rab8 {[%clk 0:02:20]} 17. b4 {[%clk 0:02:49]}  a6 {[%clk 0:02:13]} 18. Bd2 {[%clk 0:02:29]}  Rfd8 {[%clk 0:02:10]} 19. Bg5 {[%clk 0:02:25]}  Rdc8 {[%clk 0:02:08]} 20. Rh4 {[%clk 0:02:06]}  Bg6 {[%clk 0:02:05]} 21. Bxc6 {[%clk 0:02:07]}  bxc6 {[%clk 0:01:53]} 22. Nxc6 {[%clk 0:02:07]}  Bd3 {[%clk 0:01:44]} 23. d5 {[%clk 0:01:37]}  exd5 {[%clk 0:01:26]} 24. Rd4 {[%clk 0:01:13]}  Bc4 {[%clk 0:01:18]} 25. Ne7+ {[%clk 0:01:12]}  Kf8 {[%clk 0:01:18]} 26. Nxd5 {[%clk 0:01:12]}  Be5 {[%clk 0:00:49]} 27. Rd2 {[%clk 0:01:01]}  f6 {[%clk 0:00:47]} 28. Ne3 {[%clk 0:00:48]}  Nb6 {[%clk 0:00:44]} 29. f4 {[%clk 0:00:34]}  Bc7 {[%clk 0:00:36]} 30. Bh4 {[%clk 0:00:34]}  Bb5 {[%clk 0:00:29]} 31. b3 {[%clk 0:00:24]}  Ra8 {[%clk 0:00:29]} 32. Rda2 {[%clk 0:00:18]}  Re8 {[%clk 0:00:27]} 33. Nf5 {[%clk 0:00:15]}  Bd7 {[%clk 0:00:22]} 34. Nd4 {[%clk 0:00:14]}  Nd5 {[%clk 0:00:22]} 35. Rxa6 {[%clk 0:00:13]}  Rxa6 {[%clk 0:00:22]} 36. Rxa6 {[%clk 0:00:14]}  Nxc3 {[%clk 0:00:22]} 37. Ra7 {[%clk 0:00:14]}  Rc8 {[%clk 0:00:22]} 38. Kf1 {[%clk 0:00:10]}  Nb5 {[%clk 0:00:20]} 39. Nxb5 {[%clk 0:00:09]}  Bxb5+ {[%clk 0:00:21]} 40. Ke1 {[%clk 0:00:09]}  Re8+ {[%clk 0:00:20]} 41. Kd2 {[%clk 0:00:09]}  Rd8+ {[%clk 0:00:19]} 42. Kc3 {[%clk 0:00:09]}  Rd7 {[%clk 0:00:20]} 43. f5 {[%clk 0:00:07]}  Be5+ {[%clk 0:00:19]} 0-1